00427nam a2200157Ia 450000100060000000800410000602000150004704000130006208200160007510000180009124500700010926000620017930000100024154600070025165000110025845128140428s9999 xx 000 0 und d a9694944538 cPK-LaUMT a 613bARO-F aArora, Anjali a5 steps to health nutritionbis your diet healthy?cArora, Anjali aKarachi,Pakistan:bParamount Publishing Enterprise,c2007 a64 p. aEN aHealth